LEADER 01065nam a2200217 4500 001 000000344763 003 CaOOAMICUS 005 20210311114925.0 008 210310s2003 it a 000 u ita r 040 $aSeMil$bita 245 00$aMadonna rosa mistica :$bbreve storia : Fontanelle di Montichiari (Brescia) 250 $a5. ed. 264 1$aFontanelle di Montichiari (Brescia) :$bAssociazione Rosa Mistica Fontanelle,$c2003. 300 $a100 p. :$bill. ;$c17 cm 650 4$aMadonna - Apparizioni - Montichiari - Fontanelle.$0(OLS)http://semarc/subject/48914 710 0 $aAssociazione Rosa Mistica .$0(OLS)http://semarc/name/110704 850 $aSeMil 852 $aSeMil$W1$xVenegono$y1$m2L VII 86$j254926$B235830$CSeMilBibl$Z2$F235830 $81 996 $6245$aMadonna rosa mistica :$bbreve storia : Fontanelle di Montichiari (Brescia)$9(OLS)http://semarc/title/433847 996 $6264$aFontanelle di Montichiari (Brescia) :$bAssociazione Rosa Mistica Fontanelle$9(OLS)http://semarc/publisher/59608 LEADER 01222nas a2200253 i 4500 001 000000193192 003 CaOOAMICUS 005 20110309000000.0 008 101014b2010 fr uu u0 0mul r 013 $a171832 020 $a978-2-7132-2255-9 040 $aSeMil$bita 245 10$aFondations des lieux de culte. 260 $aParis :$bÉd. de l'EHESS,$ccopyr. 2010. 300 $a249 p. :$bill. ;$c24 cm. 500 $aArticoli con sintesi in francese [Résumé], in inglese [Abstract] e in spagnolo [Resumen] in coda. - In mezzo al front. : Revue trimestrielle publiée ... avec le concours de l'Institut des Sciences Humaines et Sociales du CNRS. - Titolo principale dalla copertina. 700 1 $aCNRS : Institut des Sciences Humaines et Sociales.$0(OLS)http://semarc/name/66460 774 0 $t[vedi periodico].$w()273869 850 $aSeMil 852 $aSeMil$W1$xVenegono$y1$m136 2 65$j143766$B143766$CSeMilBibl$Z2$F160671 $85 961 $aAbbonamento: EHESS Ed. 996 $6020$a978-2-7132-2255-9$9(OLS)http://semarc/number/184562 996 $6245$aFondations des lieux de culte$9(OLS)http://semarc/title/278516 996 $6260$aParis :$bÉd. de l'EHESS$9(OLS)http://semarc/publisher/44072